Романсы (Запись № 10558692)

Подробности
000 -МАРКЕР
контрольное поле 07371ncm0a2200553 4500
001 - ИДЕНТИФИКАТОР ЗАПИСИ
контрольное поле RU\NLR\ONIZ\212371
005 - ИДЕНТИФИКАТОР ВЕРСИИ
контрольное поле 20250624195725.0
010 ## - МЕЖДУНАРОДНЫЙ СТАНДАРТНЫЙ НОМЕР КНИГИ (ISBN)
Номер (ISBN) 5-93138-076-0
035 ## - ДРУГИЕ СИСТЕМНЫЕ НОМЕРА
Идентификатор записи (NLR Aleph) 010891897
100 ## - ДАННЫЕ ОБЩЕЙ ОБРАБОТКИ
Данные общей обработки 20150715d2004 |||y0rusy50 ca
101 0# - ЯЗЫК РЕСУРСА
Язык текста, звукозаписи и т.д. русский
102 ## - СТРАНА ПУБЛИКАЦИИ ИЛИ ПРОИЗВОДСТВА
Страна публикации Российская Федерация
125 ## - ПОЛЕ КОДИРОВАННЫХ ДАННЫХ: ЗВУКОЗАПИСИ И НОТНЫЕ ИЗДАНИЯ
Форма изложения нотного текста ax
128 ## - ПОЛЕ КОДИРОВАННЫХ ДАННЫХ: МУЗЫКАЛЬНАЯ ФОРМА, ТОНАЛЬНОСТЬ И ЛАД
Музыкальная форма rmc
145 0# - ПОЛЕ КОДИРОВАННЫХ ДАННЫХ: СРЕДСТВО ИСПОЛНЕНИЯ МУЗЫКАЛЬНОГО ПРОИЗВЕДЕНИЯ (УСТАРЕВШЕЕ)
Тип средства исполнения c
200 1# - ЗАГЛАВИЕ И СВЕДЕНИЯ ОБ ОТВЕТСТВЕННОСТИ
Основное заглавие Романсы
Общее обозначение материала Ноты
Сведения, относящиеся к заглавию для голоса в сопровожд. фп.
Первые сведения об ответственности К. Бугаенко
210 ## - ПУБЛИКАЦИЯ, РАСПРОСТРАНЕНИЕ И ДР.
Место издания, распространения и т.д. Москва
Имя издателя, распространителя и т. д. Современная музыка
Дата издания, распространения и т.д. 2004
215 ## - ФИЗИЧЕСКАЯ ХАРАКТЕРИСТИКА
Специфическое обозначение материала и объем 52 с.
Размеры 29 см
313 ## - ПРИМЕЧАНИЯ, ОТНОСЯЩИЕСЯ К ТЕМАТИЧЕСКОМУ ДОСТУПУ
Текст примечания Систематизация документа проведена по изданию - Методика классифицирования музыкальных произведений (нотных изданий) по таблицам Библиотечно-библиографических классификаций : метод. рекомендации / Гос. б-ка СССР им. В.И. Ленина.- М., 1977. Индексу ББК методических рекомендаций присваивается код ББК для научных библиотек - LBC/SL
327 1# - ПРИМЕЧАНИЯ О СОДЕРЖАНИИ
Текст примечания 1. Оттого и люблю : "Я люблю сердечно, безрассудно..." / сл. И. Северянина.
-- 2. Тень : "О, когда бы я назвал своею..." / сл. В. Брюсова.
-- 3. Слова любви, не сказанные мною... / сл. К. Бальмонта.
-- 4. Все они говорят об одном : "Соловьи монастырского сада..." / сл. И. Северянина.
-- 5. Печали : "Не могу я вспомнить..." / сл. М. Кузмина.
-- 6. Сон : "Снова сон, пленительный и сладкий..." / сл. И. Бунина.
-- 7. Поговори со мной / сл. Г. Иванова.
-- 8. Южная ночь : "Звезды ночью весенней нежнее..." / сл. И. Бунина ;
-- 9. Мы рядом шли... / сл. И. Бунина ;
-- 10. Не угас еще вдали закат... / сл. И. Бунина.
-- 11. А, ты любовь! : "Настанут холода..." / сл. Г. Иванова.
-- 12. Весна : "Как светла, как светла..." / сл. И. Бунина ;
-- 13. Стояли ночи северного мая... / сл. И. Бунина
464 #0 - АНАЛИТИЧЕСКИЙ УРОВЕНЬ
Встроенное поле 2001#$aОттого и люблю$e"Я люблю сердечно, безрассудно..."$fсл. И. Северянина
-- 215##$aС.3-4
-- 702#1$9z01790$aСеверянин$bИ.$gИгорь$f1887 - 1941$4520
-- 790#1$9z01702$aSeveryanin$bI.$gIgor$f1887 - 1941$4520$7ba
Заглавие Оттого и люблю
464 #0 - АНАЛИТИЧЕСКИЙ УРОВЕНЬ
Встроенное поле 2001#$aТень$e"О, когда бы я назвал своею..."$fсл. В. Брюсова
-- 215##$aС.5-7
-- 702#1$9z01790$aБрюсов$bВ. Я.$gВалерий Яковлевич$f1873-1924$4520$7ca
-- 790#1$9z01702$aBryusov$bV.Y.$gValeriy Yakovlevich$f1873-1924$4520$7ba
Заглавие Тень
464 #0 - АНАЛИТИЧЕСКИЙ УРОВЕНЬ
Встроенное поле 2001#$aСлова любви, не сказанные мною...$fсл. К. Бальмонта
-- 215##$aС.7-9
-- 702#1$9z01790$aБальмонт$bК. Д.$gКонстантин Дмитриевич$f1867-1942$4520
-- 790#1$9z01702$aBal'mont$bK. D.$gKonstantin Dmitrievich$f1867-1942$4520
Заглавие Слова любви, не сказанные мною...
464 #0 - АНАЛИТИЧЕСКИЙ УРОВЕНЬ
Встроенное поле 2001#$aВсе они говорят об одном$e"Соловьи монастырского сада..."$fсл. И. Северянина
-- 215##$aС.10-15
-- 702#1$9z01790$aСеверянин$bИ.$gИгорь$f1887 - 1941$4520
-- 702#1$9z02790$aРахманинов$bС. В.$gСергей Васильевич$f1873-1943$4280$7ca
-- 790#1$9z01702$aSeveryanin$bI.$gIgor$f1887 - 1941$4520$7ba
-- 790#1$9z02702$aRahmaninov$bS. V.$gSergej Vasilyevich$f1873 - 1943$4280$7ba
Заглавие Все они говорят об одном
464 #0 - АНАЛИТИЧЕСКИЙ УРОВЕНЬ
Встроенное поле 2001#$aПечали$e"Не могу я вспомнить..."$fсл. М. Кузмина
-- 215##$aС.15-18
-- 702#1$9z01790$aКузмин$bМ. А.$gМихаил Алексеевич$f1875-1936$4520
-- 790#1$9z01702$aKuzmin$bM.$gMichael$clirist, poet$f1875-1936$4520
Заглавие Печали
464 #0 - АНАЛИТИЧЕСКИЙ УРОВЕНЬ
Встроенное поле 2001#$aСон$e"Снова сон, пленительный и сладкий..."$fсл. И. Бунина
-- 215##$aС.18-22
-- 702#1$9z01790$aБунин$bИ.А.$gИван Алексеевич$f1870-1953$4520
-- 790#1$9z01702$aBunin$bI. A.$gIvan Alexeevich$f1870-1953$4520$7ba
Заглавие Сон
464 #0 - АНАЛИТИЧЕСКИЙ УРОВЕНЬ
Встроенное поле 2001#$aПоговори со мной$fсл. Г. Иванова
-- 215##$aС.23-25
-- 702#1$9z01790$aИванов$bГ. В.$gГеоргий Владимирович$f1894-1958$4520
-- 790#1$9z01702$aIvanov$bG. V.$gGeorgij Vladimirovich$f1894-1958$4520
Заглавие Поговори со мной
464 #0 - АНАЛИТИЧЕСКИЙ УРОВЕНЬ
Встроенное поле 2001#$aЮжная ночь$e"Звезды ночью весенней нежнее..."$fсл. И. Бунина
-- 215##$aС.26-30
-- 702#1$9z01790$aБунин$bИ.А.$gИван Алексеевич$f1870-1953$4520
-- 790#1$9z01702$aBunin$bI. A.$gIvan Alexeevich$f1870-1953$4520$7ba
Заглавие Южная ночь
464 #0 - АНАЛИТИЧЕСКИЙ УРОВЕНЬ
Встроенное поле 2001#$aМы рядом шли...$fсл. И. Бунина
-- 215##$aС.30-36
-- 702#1$9z01790$aБунин$bИ.А.$gИван Алексеевич$f1870-1953$4520
-- 790#1$9z01702$aBunin$bI. A.$gIvan Alexeevich$f1870-1953$4520$7ba
Заглавие Мы рядом шли...
464 #0 - АНАЛИТИЧЕСКИЙ УРОВЕНЬ
Встроенное поле 2001#$aНе угас еще вдали закат...$fсл. И. Бунина
-- 215##$aС.37-40
-- 702#1$9z01790$aБунин$bИ.А.$gИван Алексеевич$f1870-1953$4520
-- 790#1$9z01702$aBunin$bI. A.$gIvan Alexeevich$f1870-1953$4520$7ba
Заглавие Не угас еще вдали закат...
464 #0 - АНАЛИТИЧЕСКИЙ УРОВЕНЬ
Встроенное поле 2001#$aА, ты любовь!$e"Настанут холода..."$fсл. Г. Иванова
-- 215##$aС.40-42
-- 702#1$9z01790$aИванов$bГ. В.$gГеоргий Владимирович$f1894-1958$4520
-- 790#1$9z01702$aIvanov$bG. V.$gGeorgij Vladimirovich$f1894-1958$4520
Заглавие А, ты любовь!
464 #0 - АНАЛИТИЧЕСКИЙ УРОВЕНЬ
Встроенное поле 2001#$aВесна$e"Как светла, как светла..."$fсл. И. Бунина
-- 215##$aС.42-45
-- 702#1$9z01790$aБунин$bИ.А.$gИван Алексеевич$f1870-1953$4520
-- 790#1$9z01702$aBunin$bI. A.$gIvan Alexeevich$f1870-1953$4520$7ba
Заглавие Весна
464 #0 - АНАЛИТИЧЕСКИЙ УРОВЕНЬ
Встроенное поле 2001#$aСтояли ночи северного мая...$fсл. И. Бунина
-- 215##$aС.46-52
-- 702#1$9z01790$aБунин$bИ.А.$gИван Алексеевич$f1870-1953$4520
-- 790#1$9z01702$aBunin$bI. A.$gIvan Alexeevich$f1870-1953$4520$7ba
Заглавие Стояли ночи северного мая...
606 1# - НАИМЕНОВАНИЕ ТЕМЫ КАК ПРЕДМЕТ
Наименование темы Вокальная музыка русская
Географический подзаголовок Россия
Хронологический подзаголовок 19-21 вв.
Формальный подзаголовок Ноты
Код системы nlr_sh
608 ## - ФОРМА, ЖАНР, ФИЗИЧЕСКИЕ ХАРАКТЕРИСТИКИ ДОКУМЕНТА КАК ТОЧКА ДОСТУПА
Начальный элемент ввода Романс (вокальный)
Тематический подзаголовок Ноты
Географический подзаголовок Россия
Хронологический подзаголовок 20-21 вв.
Код системы nlr_sh
686 ## - ИНДЕКСЫ ДРУГИХ КЛАССИФИКАЦИЙ
Индекс Щ943.4-42-043.3(2Р)я44
Издание LBC/SL
Код системы
700 #1 - ИМЯ ЛИЦА - ПЕРВИЧНАЯ ОТВЕТСТВЕННОСТЬ
Системный номер авторитетной/нормативной записи z04790
Начальный элемент ввода Бугаенко
Часть имени, кроме начального элемента ввода К.
Расширение инициалов личного имени Кирил
Код отношения Композитор
702 #1 - ИМЯ ЛИЦА - ВТОРИЧНАЯ ОТВЕТСТВЕННОСТЬ
Системный номер авторитетной/нормативной записи z03790
Начальный элемент ввода Шершунов
Часть имени, кроме начального элемента ввода А. Т.
Расширение инициалов личного имени Александр Тихонович
Код отношения Редактор
-- Составитель
790 #1 - ИМЯ ЛИЦА - АЛЬТЕРНАТИВНАЯ ФОРМА
Системный номер авторитетной/нормативной записи z03702
Начальный элемент ввода Shershunov
Часть имени, кроме начального элемента ввода A. T.
Расширение инициалов личного имени Aleksandr Tihonovich
Код отношения Редактор
-- Составитель
790 #1 - ИМЯ ЛИЦА - АЛЬТЕРНАТИВНАЯ ФОРМА
Системный номер авторитетной/нормативной записи z04700
Начальный элемент ввода Bugaenko
Часть имени, кроме начального элемента ввода K.
Расширение инициалов личного имени Kirill
Код отношения Композитор
801 #0 - ИСТОЧНИК ЗАПИСИ
Страна Российская Федерация
Организация NLR
Дата составления 20150715
Правила каталогизации PSBO
801 #1 - ИСТОЧНИК ЗАПИСИ
Страна Российская Федерация
Организация NLR
Дата составления 20150715
Источник данных rusmarc
801 #2 - ИСТОЧНИК ЗАПИСИ
Страна Российская Федерация
Организация NLR
Дата составления 20160919
852 ## - МЕСТОНАХОЖДЕНИЕ И ШИФР ХРАНЕНИЯ
Идентификатор организации NLR
Наименование фонда или коллекции (Sub-Location Identifier) М
Шифр хранения (Call Number) 986/364
Страна
Номер экземпляра 1
942 ## - ДОПОЛНИТЕЛЬНЫЕ ЭЛЕМЕНТЫ ЗАПИСИ (АБИС)
Тип экземпляра АБИС Ноты
980 ## - КОЛЛЕКЦИЯ
Название коллекции Национальная библиография
980 ## - КОЛЛЕКЦИЯ
Название коллекции Отдел нот и звукозаписей
Экземпляры
Тип экземпляра Дата поступления Библиотека постоянного хранения Библиотека текущего хранения Место хранения Шифр хранения Статус экземпляра
Ноты 15.07.2015 РНБ (Московский) РНБ (Московский) Фонд нот и звукозаписей 986/364 986/364